| 000 | 01043nam a2200265 a 4500 | ||
|---|---|---|---|
| 001 | 000004753 | ||
| 005 | 20200929151510.0 | ||
| 008 | 800903s1968 sp 000 0 spa | ||
| 040 |
_aDO-SdBNP _bspa _cBNPHU |
||
| 082 |
_a843.912 _bS132c |
||
| 100 | 1 |
_aSaint Exupery, Antoine de, _d1900-1944. _913810 |
|
| 245 | 1 | 0 |
_aCorreo del sur ; _bvuelo nocturno / _cAntoine de Saint-Exupery ; traducción de Enrique de Juan J. Benavente. |
| 246 | 1 | 3 | _avuelo nocturno |
| 260 |
_aBarcelona : _bEdiciones G. P., _c1968. |
||
| 300 |
_a255 : _bil. ; _c24 cm. |
||
| 440 | 0 |
_aLos clásicos del siglo xx ; _v55 _913639 |
|
| 500 | _aIncluye datos biográficos del autor en la contracubierta | ||
| 534 |
_aTítulo original: Courrier sud Vol de Nuit _tCourrier sud Vol de Nuit |
||
| 650 | 4 |
_aNovela francesa _91075 |
|
| 650 | 4 |
_aLiteratura francesa _91074 |
|
| 700 | 1 |
_aJ. Benavente, Enrique de Juan _913811 |
|
| 700 | 1 |
_aSaint Exupery, Antoine de, _d1900-1944. _tVol de nuit. 1979. _913812 |
|
| 740 | 0 | _aVuelo nocturno | |
| 830 | 0 |
_aLos clásicos del siglo xx _913639 |
|
| 999 |
_c4559 _d4559 |
||